000 004290000a22001690004500
003 MACL
005 20151227160256.0
008 151227b xxu||||| |||| 00| 0 eng d
040 _aMACL
_cmacl
041 _aEnglish
082 _a030/NOR
100 _aNorbury, james
_923519
245 _aOdhams, Encyclopaedia of knitting
260 _bOdhama Press LTD
_aBritain
650 _aEncyclopaedia
_923520
942 _cBK
_k030/Nor
_2ddc
999 _c34670
_d34670